| 000 | 01516nam0a2200349 4500 | ||
|---|---|---|---|
| 001 | RU\NLR\bibl\804174 | ||
| 005 | 20250614130520.0 | ||
| 021 |
_aRU _b2005-4531 _9224 |
||
| 035 | _aRSL-KNO-002567408 | ||
| 035 | _a(NLR Aleph) 000793324 | ||
| 090 |
_a1135452 _c1135452 |
||
| 100 | _a20050210d2004 |||y0rusy50 ca | ||
| 101 | 0 | _arus | |
| 102 | _aRU | ||
| 105 | _ay ||||||||| | ||
| 106 | _ar | ||
| 200 | 1 |
_aТехнология социальной работы _eучеб.-метод. пособие _fН.В. Гарашкина _gМ-во образования Рос. Федерации, Тамб. гос. ун-т им. Г.Р. Державина |
|
| 210 |
_aТамбов _cИзд-во ТГУ _d2004 |
||
| 215 |
_a157 с. _d21 |
||
| 320 | _aБиблиогр.: с. 135-137 (41 назв.) | ||
| 606 | 1 |
_aСоциальная работа _jУчебно-методические пособия _92037175 _3RU\NLR\auth\661223020 |
|
| 610 | 0 | _aСоциология -- Общественная инженерия. Прикладная социология (социотехника). Социальная работа -- Учебно-методическое пособие | |
| 686 |
_aС556.9я73-14 _2rubbk |
||
| 686 | _aС550.473я73 | ||
| 700 | 1 |
_aГарашкина _bН. В. _gНаталья Владимировна _4070 |
|
| 801 | 0 |
_aRU _bRuMoRKP _c20050210 _grcr |
|
| 801 | 1 |
_aRU _bRuMoRGB _c20050210 |
|
| 801 | 2 |
_aRU _bNLR _c20050526 _gPSBO |
|
| 942 | _cBOOK | ||
| 980 | _aNB | ||
| 980 | _aNBR | ||